00631nam a22001577a 4500003000200000005001700002020001800019082001800037100002000055245001700075260004300092300001100135520027800146600002000424650002900444020260430165844.0 a9788126717422 aSA SOB K 1980 aSobti, Krishna  aZindaginama  aNew Delhi bRajkamal Prakashan c2025 a392p.  aReading books is a kind of enjoyment. Reading books is a good habit. We bring you a different kinds of books. You can carry this book where ever you want. It is easy to carry. It can be an ideal gift to yourself and to your loved ones. Care instruction keep away from fire. aSahitya Acadmey aUpanyas aHindi Fiction